Word Ladder: Roald Dahl Book Quiz Stats

 Plays Quiz Updated Apr 22, 2015

Score 0/20 Timer 03:00
2 Plays Today
Clue 5-Letter Word % Correct
There are 16 of them on a chessboardPAWNS
94.4%
Emulate Van Gogh or Van EyckPAINT
93%
Fuzzy fruit, or the last word in a Roald Dahl titlePEACH
92.9%
SunrisesDAWNS
92.5%
What one may feel after surgeryPAINS
92.1%
Instrument for Ray Charles and Stevie WonderPIANO
91.4%
LocationPLACE
91.1%
Lennon's 'Give ____ a Chance'PEACE
90.7%
Titles for Judi Dench and Agatha ChristieDAMES
90.3%
What the shortcut Ctrl + P meansPRINT
90.2%
Clue 5-Letter Word % Correct
Author Joyce, or the first word in a Roald Dahl titleJAMES
89.1%
18th US PresidentGRANT
86.2%
Rupert who played Ron WeasleyGRINT
86%
Rachel ____, love interest in 'Batman Begins'DAWES
84.8%
Vehicle that taxisPLANE
83.2%
Monstrous, or a word in a Roald Dahl titleGIANT
82.4%
City north of Dallas, TXPLANO
81.7%
1970s Red Sox pitcher Luis ____TIANT
53.4%
The princess in Disney's 'The Princess and the Frog'TIANA
53.2%
Commune on the island of CorsicaPIANA
50.5%

Today's Daily Dose

You're not logged in!

Compare scores with friends on all Sporcle quizzes.
OR
Log In

Show Comments

Extras

Top Quizzes Today


Score Distribution

Your Account Isn't Verified!

In order to create a playlist on Sporcle, you need to verify the email address you used during registration. Go to your Sporcle Settings to finish the process.

Report this User

Report this user for behavior that violates our Community Guidelines.

Details: